[Event "GER-chT U20"]
[Site "Greifswald"]
[Date "2002.12.28"]
[Round "4.2"]
[White "Kruck, Daniel"]
[Black "Degtiarev, Evgeny"]
[Result "0-1"]
[WhiteElo "2220"]
[BlackElo "2199"]
[PlyCount "56"]
[EventDate "2002.12.27"]
[EventType "team"]
[EventRounds "7"]
[EventCountry "GER"]
[SourceTitle "CBM 092 Extra"]
[Source "ChessBase"]
[SourceDate "2003.03.07"]
[SourceVersion "1"]
[SourceVersionDate "2003.03.07"]
[SourceQuality "1"]

1. Nf3 d5 2. d4 Nf6 3. c4 c6 4. Nc3 a6 5. c5 Nbd7 6. h3 g6 7. Bf4 Bg7 8. e3 0-0 9. Be2 Re8 10. 0-0 Nf8 11. Na4 N6d7 12. Qb3 e5 13. dxe5 Ne6 14. Qc2 Qa5 15. Rfc1 Bf8 16. b4 Qxb4 17. Rab1 Qa5 18. Nd4 Nexc5 19. Nxc5 Nxc5 20. g4 Ne6 21. Nxc6 bxc6 22. Qxc6 Nxf4 23. Qxe8 Nxe2+ 24. Kh2 Nxc1 25. Rxc1 Qd2 26. Rf1 Qe2 27. Kg1 Bb7 28. Qd7 Qb5 0-1

[Event "Oberliga Wuerttemberg 0102"]
[Site "Wuerttemberg"]
[Date "2002.??.??"]
[Round "7"]
[White "Funke, Detlev"]
[Black "Kruck, Daniel"]
[Result "1/2-1/2"]
[WhiteElo "2103"]
[BlackElo "2138"]
[PlyCount "102"]
[EventDate "2001.10.01"]
[EventType "team-tourn"]
[EventRounds "9"]
[EventCountry "GER"]
[SourceTitle "EXT 2019"]
[Source "ChessBase"]
[SourceDate "2018.10.10"]
[SourceVersion "1"]
[SourceVersionDate "2018.10.10"]
[SourceQuality "1"]
[WhiteTeam "Tuebingen"]
[BlackTeam "Tamm 74"]
[WhiteTeamCountry "GER"]
[BlackTeamCountry "GER"]

1. c4 e6 2. Nf3 d5 3. g3 dxc4 4. Qa4+ c6 5. Qxc4 b5 6. Qb3 Bb7 7. Bg2 Nd7 8. d4 Ngf6 9. 0-0 Be7 10. Rd1 0-0 11. Bg5 h6 12. Bxf6 Nxf6 13. Nc3 Rc8 14. Rac1 Qb6 15. e3 Ba6 16. Ne5 Rfd8 17. Nd3 c5 18. Nxc5 Bxc5 19. dxc5 Rxd1+ 20. Rxd1 Qxc5 21. Rd4 e5 22. Rd1 b4 23. Nd5 Be2 24. Nxf6+ gxf6 25. Re1 Bc4 26. Qa4 Bd3 27. Qd7 Qc2 28. Qg4+ Bg6 29. Bd5 Kg7 30. Qxb4 a5 31. Qb3 Qd2 32. Qd1 Qxb2 33. e4 Rc2 34. Qf3 Qd4 35. Rf1 Rc3 36. Qg4 h5 37. Qe2 h4 38. Rd1 Qb4 39. gxh4 Rh3 40. Qg4 Qc3 41. Kg2 Rd3 42. Rxd3 Qxd3 43. h5 f5 44. Qg5 fxe4 45. Qxe5+ f6 46. Qe7+ Kh6 47. Qxf6 Kxh5 48. Be6 Kh6 49. h4 e3 50. Qh8+ Bh7 51. Qf6+ Bg6 1/2-1/2

[Event "Oberliga Wuerttemberg 0102"]
[Site "Wuerttemberg"]
[Date "2002.??.??"]
[Round "8"]
[White "Kruck, Daniel"]
[Black "Heinatz, Thomas"]
[Result "1-0"]
[WhiteElo "2138"]
[BlackElo "2280"]
[PlyCount "119"]
[EventDate "2001.10.01"]
[EventType "team-tourn"]
[EventRounds "9"]
[EventCountry "GER"]
[SourceTitle "EXT 2019"]
[Source "ChessBase"]
[SourceDate "2018.10.10"]
[SourceVersion "1"]
[SourceVersionDate "2018.10.10"]
[SourceQuality "1"]
[WhiteTeam "Tamm 74"]
[BlackTeam "Stuttgart SF II"]
[WhiteTeamCountry "GER"]
[BlackTeamCountry "GER"]

1. Nf3 Nf6 2. c4 g6 3. Nc3 c5 4. g3 b6 5. Bg2 Bb7 6. 0-0 Bg7 7. Re1 0-0 8. e4 Nc6 9. e5 Ne8 10. d3 d6 11. e6 fxe6 12. Ng5 Nc7 13. Nb5 Rf6 14. Nxc7 Qxc7 15. Nxe6 Qd7 16. Bd5 Kh8 17. Nxg7 Nd4 18. Ne6 Nxe6 19. Qg4 Bxd5 20. cxd5 Nf8 21. Qxd7 Nxd7 22. Rxe7 Ne5 23. Bh6 Rf7 24. Rxf7 Nxf7 25. Bd2 Kg8 26. Re1 Ne5 27. Kg2 Rf8 28. Re3 Rf5 29. f4 Nd7 30. Re7 Rf7 31. Re6 Kf8 32. Rxd6 Ke7 33. Re6+ Kd8 34. Bc3 Rf5 35. d6 Rd5 36. Be5 Rxd3 37. Re7 Rd5 38. Rxh7 Nxe5 39. fxe5 Rxe5 40. Kf3 a5 41. a4 c4 42. Rb7 g5 43. Rxb6 Kd7 44. Kg4 Ke6 45. Rc6 Re2 46. Kxg5 Rxh2 47. Rb6 Rh8 48. Kf4 Rg8 49. g4 Rc8 50. g5 c3 51. bxc3 Rc4+ 52. Ke3 Rxa4 53. g6 Rg4 54. Kf3 Rc4 55. g7 Rxc3+ 56. Kf4 Rc8 57. Kg5 Kf7 58. Rb7+ Kg8 59. Kf6 Ra8 60. Rf7 1-0

[Event "Oberliga Wuerttemberg 0102"]
[Site "Wuerttemberg"]
[Date "2002.??.??"]
[Round "9"]
[White "Kruck, Daniel"]
[Black "Tuncer, Ufuk"]
[Result "1/2-1/2"]
[WhiteElo "2138"]
[BlackElo "2189"]
[PlyCount "84"]
[EventDate "2001.10.01"]
[EventType "team-tourn"]
[EventRounds "9"]
[EventCountry "GER"]
[SourceTitle "EXT 2019"]
[Source "ChessBase"]
[SourceDate "2018.10.10"]
[SourceVersion "1"]
[SourceVersionDate "2018.10.10"]
[SourceQuality "1"]
[WhiteTeam "Tamm 74"]
[BlackTeam "Boeblingen"]
[WhiteTeamCountry "GER"]
[BlackTeamCountry "GER"]

1. Nf3 Nf6 2. c4 g6 3. b4 Bg7 4. Bb2 0-0 5. e3 d6 6. Be2 e5 7. d3 Nc6 8. a3 Bf5 9. Nc3 e4 10. Nxe4 Nxe4 11. Bxg7 Nxf2 12. Kxf2 Kxg7 13. Ra2 Re8 14. Re1 Qf6 15. Bf1 Bg4 16. h3 Bxf3 17. Qxf3 Qxf3+ 18. Kxf3 Re7 19. Kf2 Rae8 20. g3 f5 21. b5 Nd4 22. Bg2 Ne6 23. d4 Nxd4 24. Bxb7 Re5 25. a4 Nb3 26. Bc6 R8e7 27. a5 Nc5 28. Ra3 Ne6 29. Rd1 Rc5 30. Bd5 Ng5 31. Kg2 Ne4 32. Rd4 Nf6 33. Bc6 g5 34. Kf2 h5 35. Be8 Nd7 36. Kg1 f4 37. Rd5 Rc6 38. e4 Kh7 39. Ra2 g4 40. e5 Rxe5 41. Kf2 Nb8 42. bxc6 Rg5 1/2-1/2

[Event "GER-chT U20"]
[Site "Hamburg"]
[Date "2001.12.29"]
[Round "5.2"]
[White "Serbu, Eli"]
[Black "Kruck, Daniel"]
[Result "0-1"]
[WhiteElo "1980"]
[BlackElo "2205"]
[PlyCount "102"]
[EventDate "2001.12.26"]
[EventType "team"]
[EventRounds "7"]
[EventCountry "GER"]
[SourceTitle "EXT 2003"]
[Source "ChessBase"]
[SourceDate "2002.11.25"]
[SourceVersion "1"]
[SourceVersionDate "2002.11.25"]
[SourceQuality "1"]

1. e4 c5 2. c3 d5 3. exd5 Qxd5 4. d4 Nf6 5. Na3 e6 6. Nb5 Qd8 7. Be3 Nd5 8. Nf3 a6 9. Na3 Nc6 10. Nc2 cxd4 11. Bxd4 Nxd4 12. Qxd4 Be7 13. Ne3 Bf6 14. Qd2 Nxe3 15. Qxe3 b5 16. Rd1 Qc7 17. Bd3 Bb7 18. 0-0 0-0 19. Ng5 g6 20. Rfe1 Rad8 21. Ne4 Bg7 22. a4 bxa4 23. Ra1 Qc6 24. Bf1 Rd5 25. Nd2 Re5 26. Qg3 Rxe1 27. Rxe1 a3 28. bxa3 Qxc3 29. Qxc3 Bxc3 30. Rb1 Bd5 31. Nc4 Rc8 32. Ne3 Be4 33. Bxa6 Rd8 34. Rb3 Bd4 35. h3 f5 36. Bc4 Kf7 37. Rb5 Ra8 38. Rb3 Bc5 39. Rc3 Bxa3 40. f3 Bb7 41. Bb3 Bd6 42. Kf2 Ke7 43. Nc2 Rc8 44. Rd3 Ba6 45. Rd1 Rc3 46. Ra1 Bc5+ 47. Kg3 Bd3 48. Ba4 Bxc2 49. Rc1 Bd6+ 50. Kf2 Rc4 51. Bxc2 Bf4 0-1

[Event "GER-chT U20"]
[Site "Hamburg"]
[Date "2001.12.28"]
[Round "4.2"]
[White "Kruck, Daniel"]
[Black "Braginsky, Alexej"]
[Result "1/2-1/2"]
[WhiteElo "2205"]
[BlackElo "2210"]
[PlyCount "112"]
[EventDate "2001.12.26"]
[EventType "team"]
[EventRounds "7"]
[EventCountry "GER"]
[SourceTitle "EXT 2003"]
[Source "ChessBase"]
[SourceDate "2002.11.25"]
[SourceVersion "1"]
[SourceVersionDate "2002.11.25"]
[SourceQuality "1"]

1. Nf3 Nf6 2. c4 g6 3. b4 Bg7 4. Bb2 0-0 5. e3 b6 6. Be2 Bb7 7. 0-0 d6 8. d3 Nbd7 9. Nc3 e6 10. Qc2 Qe7 11. Rac1 Rae8 12. a4 Qd8 13. a5 bxa5 14. b5 Nh5 15. Ra1 f5 16. Rxa5 c6 17. Rxa7 Qb6 18. Rfa1 f4 19. bxc6 Bxc6 20. e4 Rb8 21. Nb5 Bxb5 22. Bxg7 Nxg7 23. cxb5 Rfc8 24. Qb2 Rb7 25. R7a6 Qxb5 26. Qxb5 Rxb5 27. Rxd6 Rb7 28. d4 Kf8 29. Ba6 Ra8 30. Re1 Rc7 31. Bb5 Ke7 32. Rxd7+ Rxd7 33. Bxd7 Kxd7 34. Kf1 Ne8 35. Ke2 Ra2+ 36. Nd2 Nd6 37. Kd3 Ra3+ 38. Kc2 Ra2+ 39. Kd3 Ra3+ 40. Ke2 Ra2 41. f3 Nc4 42. Rd1 Ne3 43. Rb1 Nc4 44. Rd1 Ne3 45. Rb1 Nc4 46. Kd3 Nxd2 47. Rb7+ Kc6 48. Re7 Nb1 49. Rxe6+ Kb5 50. e5 Rxg2 51. Re8 Rd2+ 52. Ke4 Nc3+ 53. Kxf4 Rxd4+ 54. Kg5 Rd7 55. e6 Rb7 56. Rd8 Kc6 1/2-1/2

[Event "Wuerttemberg op"]
[Site "Germany"]
[Date "2001.08.26"]
[Round "2"]
[White "Namyslo, Holger"]
[Black "Kruck, Daniel"]
[Result "1/2-1/2"]
[WhiteElo "2315"]
[BlackElo "2187"]
[PlyCount "52"]
[EventDate "2001.08.??"]
[EventType "swiss"]
[EventRounds "8"]
[EventCountry "GER"]
[SourceTitle "EXT 2002"]
[Source "ChessBase"]
[SourceDate "2001.11.25"]
[SourceVersion "1"]
[SourceVersionDate "2001.11.25"]
[SourceQuality "1"]

1. e4 c5 2. Nf3 e6 3. d4 cxd4 4. Nxd4 a6 5. Nc3 Qc7 6. Be2 Nf6 7. 0-0 Nc6 8. Be3 Bb4 9. Na4 0-0 10. Nxc6 bxc6 11. Nb6 Rb8 12. Nxc8 Rfxc8 13. Bxa6 Rf8 14. Bd3 Bd6 15. f4 e5 16. f5 Rxb2 17. g4 Qa5 18. g5 Bc5 19. Bxc5 Qxc5+ 20. Kh1 Ne8 21. f6 g6 22. Qe1 d5 23. exd5 Qxd5+ 24. Be4 Qc4 25. Bd3 Qd5+ 26. Be4 Qc4 1/2-1/2

[Event "Stuttgart op 6th"]
[Site "Ditzingen"]
[Date "2001.05.25"]
[Round "4"]
[White "Ksieski, Zbigniew"]
[Black "Kruck, Daniel"]
[Result "1-0"]
[WhiteElo "2415"]
[BlackElo "2191"]
[PlyCount "32"]
[EventDate "2001.05.24"]
[EventType "swiss"]
[EventRounds "7"]
[EventCountry "GER"]
[SourceTitle "CBM 082 Extra"]
[Source "ChessBase"]
[SourceDate "2001.07.03"]
[SourceVersion "1"]
[SourceVersionDate "2001.07.03"]
[SourceQuality "1"]

1. d4 e6 2. c4 Bb4+ 3. Nd2 Nc6 4. a3 Bxd2+ 5. Bxd2 Nxd4 6. Bc3 e5 7. Nf3 Nxf3+ 8. gxf3 f6 9. Rg1 Qe7 10. f4 Nh6 11. fxe5 fxe5 12. Qd5 d6 13. 0-0-0 Ng4 14. c5 Nf6 15. cxd6 Nxd5 16. dxe7 Nxc3 1-0

[Event "Oberliga Wuerttemberg 0102"]
[Site "Wuerttemberg"]
[Date "2001.??.??"]
[Round "2"]
[White "Trachtmann, Mark"]
[Black "Kruck, Daniel"]
[Result "1-0"]
[WhiteElo "2321"]
[BlackElo "2138"]
[PlyCount "53"]
[EventDate "2001.10.01"]
[EventType "team-tourn"]
[EventRounds "9"]
[EventCountry "GER"]
[SourceTitle "EXT 2019"]
[Source "ChessBase"]
[SourceDate "2018.10.10"]
[SourceVersion "1"]
[SourceVersionDate "2018.10.10"]
[SourceQuality "1"]
[WhiteTeam "Schmiden/Cannstatt"]
[BlackTeam "Tamm 74"]
[WhiteTeamCountry "GER"]
[BlackTeamCountry "GER"]

1. d4 d5 2. c4 c6 3. Nc3 Nf6 4. e3 e6 5. Nf3 Nbd7 6. Be2 Bd6 7. 0-0 0-0 8. Qc2 dxc4 9. Bxc4 e5 10. Bd3 Re8 11. dxe5 Nxe5 12. Nxe5 Bxe5 13. h3 Bc7 14. e4 Nd7 15. Be2 Qh4 16. f4 Nf6 17. Qd3 Be6 18. Qf3 Nxe4 19. Nxe4 Bd5 20. Qg3 Qe7 21. Nc3 Bb6+ 22. Kh2 Rad8 23. f5 Rd6 24. Bf4 Rf6 25. Nxd5 cxd5 26. Bd3 Rc6 27. Bb5 1-0

[Event "Oberliga Wuerttemberg 0001"]
[Site "Wuerttemberg"]
[Date "2000.11.12"]
[Round "2.4"]
[White "Gabriel, Robert A"]
[Black "Kruck, Daniel"]
[Result "1-0"]
[WhiteElo "2292"]
[BlackElo "2152"]
[PlyCount "91"]
[EventDate "2000.10.15"]
[EventType "team"]
[EventRounds "9"]
[EventCountry "GER"]
[SourceTitle "EXT 2002"]
[Source "ChessBase"]
[SourceDate "2001.11.25"]
[SourceVersion "1"]
[SourceVersionDate "2001.11.25"]
[SourceQuality "1"]

1. d4 e6 2. Nf3 d5 3. c4 Nf6 4. Nc3 c5 5. e3 Nc6 6. a3 a6 7. Bd3 dxc4 8. Bxc4 b5 9. Ba2 Bb7 10. 0-0 Be7 11. Qe2 Qb6 12. d5 exd5 13. Nxd5 Nxd5 14. Bxd5 0-0 15. e4 Nd4 16. Nxd4 cxd4 17. Bxb7 Qxb7 18. Qd3 Bc5 19. Bd2 Rfe8 20. f3 Rac8 21. Rac1 Bb6 22. g3 Qd7 23. Kg2 h5 24. Rfd1 Qe6 25. Be1 Qa2 26. Rxc8 Rxc8 27. Rd2 Qc4 28. Qxc4 bxc4 29. Bf2 Rd8 30. f4 f6 31. Kf3 Kf7 32. h3 Ke6 33. g4 hxg4+ 34. hxg4 Rd6 35. f5+ Kd7 36. Bg3 Rc6 37. e5 c3 38. e6+ Ke7 39. bxc3 Rxc3+ 40. Kg2 g6 41. Rb2 Bc7 42. Be1 gxf5 43. Bxc3 dxc3 44. Rb7 Kd6 45. e7 c2 46. e8N+ 1-0

[Event "Wuerttemberg-ch U18"]
[Site "Ueberlingen"]
[Date "2000.04.29"]
[Round "7.2"]
[White "Kruck, Daniel"]
[Black "Timeus, Frank"]
[Result "1-0"]
[WhiteElo "2180"]
[BlackElo "2185"]
[PlyCount "74"]
[EventDate "2000.04.??"]
[EventType "swiss"]
[EventRounds "7"]
[EventCountry "GER"]
[SourceTitle "EXT 2001"]
[Source "ChessBase"]
[SourceDate "2000.11.22"]
[SourceVersion "1"]
[SourceVersionDate "2000.11.22"]
[SourceQuality "1"]

1. d4 d5 2. Nf3 Nf6 3. e3 Bg4 4. c4 c6 5. Qb3 Qb6 6. Nc3 e6 7. Bd3 Nbd7 8. h3 Bh5 9. Nh4 Be7 10. g4 Bg6 11. Nxg6 hxg6 12. f3 Qc7 13. Ne2 e5 14. cxd5 Nxd5 15. Bd2 exd4 16. exd4 Qb6 17. Bc4 Qxb3 18. Bxb3 N7b6 19. Kf2 0-0 20. h4 Bb4 21. Nc3 Bd6 22. h5 Bf4 23. Bxf4 Nxf4 24. Kg3 g5 25. Rae1 Rad8 26. Re4 Kh7 27. Re7 Rxd4 28. Bxf7 Rd2 29. Rh2 Rd7 30. Rxd7 Nxd7 31. Bb3 Ne5 32. Bc2+ Nfd3 33. Bxd3+ Nxd3 34. Ne4 Nb4 35. Nxg5+ Kh6 36. Ne6 Re8 37. Re2 Kh7 1-0

[Event "GER-chT U20"]
[Site "Neumuenster"]
[Date "2000.??.??"]
[Round "6"]
[White "Gospodinow, Niels"]
[Black "Kruck, Daniel"]
[Result "1/2-1/2"]
[WhiteElo "2241"]
[BlackElo "2152"]
[PlyCount "51"]
[EventDate "2000.12.??"]
[EventType "team-swiss"]
[EventRounds "7"]
[EventCountry "GER"]
[SourceTitle "EXT 2002"]
[Source "ChessBase"]
[SourceDate "2001.11.25"]
[SourceVersion "1"]
[SourceVersionDate "2001.11.25"]
[SourceQuality "1"]

1. e4 c5 2. Nf3 e6 3. c3 d5 4. exd5 Qxd5 5. d4 Nf6 6. Bd3 Nc6 7. 0-0 Be7 8. Be3 cxd4 9. cxd4 0-0 10. Nc3 Qd6 11. Rc1 a6 12. a3 b5 13. Ne4 Nxe4 14. Bxe4 Bb7 15. d5 exd5 16. Qxd5 Qxd5 17. Bxd5 Rac8 18. Ne5 Nxe5 19. Bxb7 Rb8 20. Bxa6 Nc4 21. Bf4 Rb6 22. Bxb5 Nxb2 23. a4 Nxa4 24. Bxa4 Rb4 25. Rfe1 Rxa4 26. Rxe7 1/2-1/2

[Event "Staufer op 12th"]
[Site "Schwaebisch Gmuend"]
[Date "2000.??.??"]
[Round "5"]
[White "Kruck, Daniel"]
[Black "Azimi, Reza"]
[Result "1/2-1/2"]
[WhiteElo "2240"]
[BlackElo "1940"]
[PlyCount "64"]
[EventDate "2000.01.02"]
[EventType "swiss"]
[EventRounds "9"]
[EventCountry "GER"]
[SourceTitle "CBM 074 Extra"]
[Source "ChessBase"]
[SourceDate "2000.03.10"]
[SourceVersion "2"]
[SourceVersionDate "2000.03.10"]
[SourceQuality "1"]

1. d4 Nf6 2. Nf3 d5 3. e3 Bg4 4. c4 Bxf3 5. Qxf3 e6 6. Nc3 Bb4 7. Bd2 0-0 8. a3 Bxc3 9. Bxc3 Ne4 10. Bd3 f5 11. Qe2 Nd7 12. 0-0 Qh4 13. Be1 Qh6 14. f3 Nd6 15. b3 Nf6 16. Bb4 Nh5 17. c5 a5 18. cxd6 axb4 19. dxc7 bxa3 20. Rfc1 f4 21. e4 Qf6 22. e5 Qe7 23. Qc2 g6 24. Qc5 Qxc5 25. Rxc5 Kf7 26. Bb5 Ke7 27. Kf2 Ng7 28. Bd3 Rfc8 29. g4 Ne8 30. Ke2 Rxc7 31. Rxc7+ Nxc7 32. Kd2 Kd7 1/2-1/2

[Event "GER-chT U20"]
[Site "Neumuenster"]
[Date "2000.??.??"]
[Round "4"]
[White "Kruck, Daniel"]
[Black "Vinke, Andreas"]
[Result "1/2-1/2"]
[WhiteElo "2152"]
[BlackElo "2210"]
[PlyCount "80"]
[EventDate "2000.12.??"]
[EventType "team-swiss"]
[EventRounds "7"]
[EventCountry "GER"]
[SourceTitle "EXT 2002"]
[Source "ChessBase"]
[SourceDate "2001.11.25"]
[SourceVersion "1"]
[SourceVersionDate "2001.11.25"]
[SourceQuality "1"]

1. Nf3 e6 2. d4 Nf6 3. c4 b6 4. g3 Bb7 5. Bg2 Be7 6. 0-0 0-0 7. b3 Ne4 8. Bb2 f5 9. Nfd2 d5 10. Nxe4 fxe4 11. Na3 c5 12. Bh3 Rf6 13. dxc5 Rh6 14. c6 Bxc6 15. Bg2 Nd7 16. Nc2 Bb7 17. Ne3 Nf6 18. cxd5 Bxd5 19. Rc1 Bc5 20. Bd4 Rc8 21. Bxc5 bxc5 22. Qd2 Qd6 23. Rc2 Qe5 24. Rfc1 Qh5 25. h3 Nd7 26. Rc3 Rf8 27. Rd1 Bc6 28. Qc2 Qf7 29. Ng4 Rg6 30. Rf1 h5 31. Ne3 Rf6 32. Nd1 Qg6 33. Re3 h4 34. Bxe4 Bxe4 35. Qxe4 hxg3 36. Qxg6 gxf2+ 37. Rxf2 Rxg6+ 38. Kf1 Rxf2+ 39. Nxf2 Kf7 40. Nd3 Rg5 1/2-1/2

[Event "Staufer op 12th"]
[Site "Schwaebisch Gmuend"]
[Date "2000.??.??"]
[Round "6"]
[White "Willim, Michael"]
[Black "Kruck, Daniel"]
[Result "1/2-1/2"]
[WhiteElo "2130"]
[BlackElo "2240"]
[PlyCount "39"]
[EventDate "2000.01.02"]
[EventType "swiss"]
[EventRounds "9"]
[EventCountry "GER"]
[SourceTitle "CBM 074 Extra"]
[Source "ChessBase"]
[SourceDate "2000.03.10"]
[SourceVersion "2"]
[SourceVersionDate "2000.03.10"]
[SourceQuality "1"]

1. c4 Nf6 2. g3 g6 3. Bg2 Bg7 4. Nf3 d6 5. Nc3 0-0 6. 0-0 Nc6 7. Rb1 a5 8. a3 Nh5 9. b4 axb4 10. axb4 Bf5 11. e4 Bxc3 12. exf5 Bxb4 13. fxg6 hxg6 14. d4 d5 15. cxd5 Qxd5 16. Ne5 Qb5 17. Nxc6 bxc6 18. Bd2 Ra4 19. Qc2 Qa5 20. Bxb4 1/2-1/2

[Event "GER-ch U16"]
[Site "Oberhof"]
[Date "1999.??.??"]
[Round "?"]
[White "De Wiljes, Jan Hendrik"]
[Black "Kruck, Daniel"]
[Result "1/2-1/2"]
[WhiteElo "1765"]
[BlackElo "2215"]
[PlyCount "96"]
[EventDate "1999.??.??"]
[EventType "swiss"]
[EventRounds "9"]
[EventCountry "GER"]
[SourceTitle "EXT 2000"]
[Source "ChessBase"]
[SourceDate "1999.11.16"]
[SourceVersion "1"]
[SourceVersionDate "1999.11.16"]
[SourceQuality "1"]

1. e4 c5 2. c3 d5 3. exd5 Qxd5 4. d4 Nf6 5. Nf3 e6 6. Na3 a6 7. Nc2 Be7 8. Be2 0-0 9. 0-0 Nc6 10. h3 b6 11. Bf4 Ra7 12. Ne5 Nxe5 13. dxe5 Qxd1 14. Raxd1 Nd5 15. Bg3 b5 16. Bf3 Rd7 17. Bxd5 Rxd5 18. Ne3 Rxd1 19. Rxd1 Rd8 20. Rxd8+ Bxd8 21. Kf1 Bb7 22. f3 Bc7 23. Kf2 Kf8 24. Nc2 Bd5 25. a3 Bb3 26. Ne3 a5 27. Nf1 Ke8 28. Nd2 Bc2 29. Ke3 f5 30. f4 Bb6 31. Bf2 Bd1 32. Nf3 Bxf3 33. Kxf3 Kd7 34. b3 Kc6 35. c4 a4 36. bxa4 bxc4 37. Be1 Kb7 38. Bc3 Ka6 39. Ke3 Bd8 40. g4 g6 41. g5 Kb6 42. Kf3 Kb7 43. Ke2 Kc6 44. Kd2 Be7 45. Ke2 Bd8 46. Kd2 Kb6 47. Ke3 Ka6 48. Kd2 Bc7 1/2-1/2

[Event "GER-ch U16"]
[Site "Oberhof"]
[Date "1999.??.??"]
[Round "?"]
[White "Kruck, Daniel"]
[Black "Sonnenberger, Joerg"]
[Result "1-0"]
[WhiteElo "2215"]
[BlackElo "1700"]
[PlyCount "47"]
[EventDate "1999.??.??"]
[EventType "swiss"]
[EventRounds "9"]
[EventCountry "GER"]
[SourceTitle "EXT 2000"]
[Source "ChessBase"]
[SourceDate "1999.11.16"]
[SourceVersion "1"]
[SourceVersionDate "1999.11.16"]
[SourceQuality "1"]

1. d4 d5 2. Nf3 Nf6 3. e3 Bg4 4. c4 e6 5. Qb3 b6 6. Nc3 Be7 7. Ne5 0-0 8. Nxg4 Nxg4 9. cxd5 exd5 10. Qxd5 Nd7 11. Be2 Ngf6 12. Qc6 Re8 13. 0-0 a6 14. e4 h6 15. Bc4 b5 16. Bb3 Nb6 17. e5 Nfd7 18. Bxh6 gxh6 19. Qg6+ Kh8 20. Qxh6+ Kg8 21. Qg6+ Kh8 22. Bxf7 Nf8 23. Qh6+ Nh7 24. Bg6 1-0